|
|
|
|
| LEADER |
00000nam a2200000 a 4500 |
| 001 |
vtls011597790 |
| 003 |
SK-MaSNL |
| 005 |
20260302052829.0 |
| 008 |
240313s2016 xo oa g 001 0 slo |
| 015 |
|
|
|a SNBA2018/06
|
| 020 |
|
|
|a 9788085501650
|q (viaz.)
|
| 035 |
|
|
|a urn:nbn:sk:snk-am00dgtq
|
| 035 |
|
|
|a urn:nbn:sk:snk-am3i1s7
|
| 035 |
|
|
|a 055FC653-4C01-40B6-8B1B-BEF64A69D13B
|
| 040 |
|
|
|a SNK
|b slo
|c SNK
|e AACR2
|
| 041 |
0 |
|
|a slo
|
| 043 |
|
|
|a e-hu---
|a e-xo---
|
| 044 |
|
|
|a xo
|c SK
|
| 072 |
|
7 |
|a 94(437.6)
|x Dejiny Slovenskej republiky
|2 konspekt
|
| 080 |
|
|
|a 94"04/14"
|2 2011
|
| 080 |
|
|
|a 94"1492/1789"
|2 2011
|
| 080 |
|
|
|a 94(430/439)
|2 2011
|
| 080 |
|
|
|a 94(437.6)
|2 2011
|
| 080 |
|
|
|a (048.8)
|2 2011
|
| 100 |
1 |
|
|a Dvořák, Pavel,
|d 1937-2018
|4 aut
|9 200389
|
| 245 |
1 |
0 |
|a Stopy dávnej minulosti
|b dejiny Slovenska v príbehoch a desiatich zväzkoch
|n 8
|p Slovensko v čase tureckých vojen. Smrť sultána Sulejmana
|c Pavel Dvořák ; [photography Pavel Dvořák mladší, Jakub Dvořák]
|
| 246 |
3 |
0 |
|a Slovensko v čase tureckých vojen
|
| 246 |
3 |
0 |
|a Smrť sultána Sulejmana
|
| 250 |
|
|
|a Vydanie prvé
|
| 260 |
|
|
|a Budmerice
|b Rak
|c 2016
|
| 300 |
|
|
|a 255 s.
|b fotogr., ilustr.
|c 26 cm
|
| 490 |
1 |
|
|a Stopy dávnej minulosti
|
| 504 |
|
|
|a Bibliografia na strane 248-249 ; poznámky ; register
|
| 648 |
|
7 |
|a 14.-16. stor.
|2 SNKPH
|9 316269
|
| 648 |
|
7 |
|a 14th-16th ceturies
|2 SNKPHeng
|9 499257
|
| 650 |
0 |
7 |
|a turecké vojny
|2 SNKPH
|9 358726
|
| 650 |
0 |
7 |
|a stredovek
|2 SNKPH
|9 4259
|
| 650 |
0 |
7 |
|a raný novovek
|2 SNKPH
|9 84376
|
| 650 |
0 |
7 |
|a Middle Ages
|2 SNKPHeng
|9 263011
|
| 651 |
|
7 |
|a Uhorsko
|x dejiny
|2 SNKPHgeo
|9 56334
|
| 651 |
|
7 |
|a Slovensko
|x dejiny
|2 SNKPHgeo
|9 13278
|
| 651 |
|
7 |
|a Hungary
|x history
|2 SNKPHeng
|9 314626
|
| 651 |
|
7 |
|a Slovakia
|x history
|2 SNKPHeng
|9 266841
|
| 655 |
|
7 |
|a monografie
|2 SNKPH
|9 70139
|
| 655 |
|
7 |
|a Monographs
|2 SNKPHeng
|9 120675
|
| 700 |
1 |
|
|a Dvořák, Pavel,
|c ml.
|4 pht
|9 710124
|
| 700 |
1 |
|
|a Dvořák, Jakub,
|d 1970-2017
|4 pht
|9 210482
|
| 830 |
|
0 |
|a Stopy dávnej minulosti
|9 416065
|
| 852 |
|
|
|a Štátna vedecká knižnica v Banskej Bystrici
|
| 919 |
|
|
|a 978-80-85501-65-0
|
| 958 |
|
|
|a NB
|
| 999 |
|
|
|c 1106830
|d 1108760
|
| 952 |
|
|
|a SNK
|b SNK
|y PREZ
|7 0
|p 17A1324379
|o snkSC 110498/8
|i snk2018/10147
|8 0
|0 0
|1 0
|4 0
|d 2018-05-10
|f 1
|l 0
|r 2025-10-01 00:00:00
|w 2026-02-24
|
| 952 |
|
|
|a SNK
|b SNK
|y VYP
|7 0
|p 17A1324378
|o snkSC 110498/8 D1
|i snk2018/10149
|8 0
|0 0
|1 0
|4 0
|d 2018-05-10
|l 0
|r 2026-02-24 17:48:49
|w 2026-02-24
|
| 952 |
|
|
|t snkDVO/8 94(437.6)
|a SNKUST
|b SNKUST
|y PREZ
|7 0
|p 17A1254412
|o snkSC 110498/8 D2
|i snk2017/6099
|8 3
|g 14.74
|0 0
|1 0
|4 0
|d 2017-03-06
|l 0
|r 2025-04-29 00:00:00
|w 2026-02-24
|